| 000 | 00919cam a22002775a 4500 | ||
|---|---|---|---|
| 001 | 15502869 | ||
| 005 | 20201128024019.0 | ||
| 008 | 081028t2010 maua frbd 001 0 eng d | ||
| 020 | _a9780763759940 | ||
| 020 | _a0763759945 | ||
| 040 |
_aDLC _cDLC _dBTCTA _dYDXCP _dC#P _dCDX _dBWX _dDLC _dEG-ScBUE _beng |
||
| 082 | 0 | 4 |
_a005.8 _222 _bNEW |
| 100 | 1 | _aNewman, Robert C. | |
| 245 | 1 | 0 |
_aComputer security : _bprotecting digital resources / _cRobert C. Newman. |
| 260 |
_aSudbury : _bJones and Bartlett Publishers, _cc.2010. |
||
| 300 |
_axxviii, 453 p. : _bill. ; _c24 cm. |
||
| 500 | _aGlossary : p. 429-442. | ||
| 500 | _aIndex : p. [448]-453. | ||
| 504 | _aBibliography : p. 443-445. | ||
| 650 | 7 |
_aDatabase security. _2BUEsh _91687 |
|
| 650 | 7 |
_aComputer security. _2BUEsh _92637 |
|
| 650 | 7 |
_aComputer networks _xSecurity measures. _2BUEsh _92634 |
|
| 651 | _2BUEsh | ||
| 653 |
_bCOMSCI _cNovember2016 |
||
| 942 | _2ddc | ||
| 999 |
_c23284 _d23256 |
||